000 00478nam a2200169 i 4500
001 78565
003 ES-MaACL
005 20250205063041.0
007 t|
008 041014s1970 sp ||||1| spa d
100 1 _aHalcón, Manuel,
_dca. 1900-1989
_961522
245 1 0 _aManuela
_b: novela /
_cManuel Halcón.
260 _aMadrid :
_bPrensa Española,
_c1970.
300 _a280 p. ;
_c18 cm.
852 _aES-MaACL
_jC-40533
_bR.73121
999 _c78565
_d78565